The Black Path of Fear

Uloženo v:
Podrobná bibliografie
Hlavní autor: Woolrich, Cornell
Médium: Kniha
Jazyk:Undetermined
Vydáno: Estados Unidos Lawrence E. Spivak 1944
Témata:
Tagy: Přidat tag
Žádné tagy, Buďte první, kdo vytvoří štítek k tomuto záznamu!

MARC

LEADER 00000nam a2200000Ia 4500
008 170316s9999 xx 000 0 und d
040 |a cru BVZT 
090 |a 820 W-14b 
100 |a Woolrich, Cornell 
245 4 |a The Black Path of Fear 
260 |a Estados Unidos 
260 |b Lawrence E. Spivak 
260 |c 1944 
300 |a 126 páginas 
650 |a LITERATURA INGLESA 
999 |c 7255  |d 7255 
942 |c 15 D  |h 820 W-14b  |2 z